| 000 | 00000nam##2200000za#4500 |
| 001 | 9.644950 |
| 003 | CaOODSP |
| 005 | 20250506145324 |
| 007 | ta |
| 008 | 150407|1991||||xxc||||| f|0| 0 eng|d |
| 020 | |a0-662-18469-6 |
| 040 | |aCaOODSP|beng |
| 043 | |an-cn--- |
| 086 | 1 |aA53-1862/1991E |
| 110 | 1 |aCanada.|bAgriculture Canada. |
| 245 | 10|aIrrigated pastures in western Canada / |cby D. B. Wilson and L. M. Rode, Research Station, Alberta. |
| 260 | |aOttawa - Ontario : |bAgriculture Canada |c1991. |
| 300 | |a26p. : |bgraphs, illus. ; |c23 cm. |
| 500 | |aContents: Main steps in producing irrigated pasture.--Carrying capacity.--Forage species and mixtures.--Recommended mixtures and seeding suggestions.--Animal management.--Some facts about irrigated pastures. |
| 563 | |aSoftcover |
| 590 | |a91-23|b1991-06-07 |
| 720 | 1 |aWilson, D. B. |
| 720 | 1 |aRode, L. M. |
| 775 | 08|tPâturages irrigués dans l'Ouest canadien / |w(CaOODSP)9.678739 |
| 776 | 0#|tIrrigated pastures in western Canada / |w(CaOODSP)9.696975 |
| 986 | |aPublication 1862/E |